000 00705nam a2200253Ia 4500
003 OSt
005 20220926012234.0
006 a|||||r|||| 00| 0
007 ta
008 220923b |||||||| |||| 00| 0 eng d
020 _a9780521011143
037 _cGeneral Book
040 _aRTL
_cRTL
_beng
041 _2eng
_aeng
082 _aXM8:6.2.P, P7
100 _aPerloff Jeffery M
_9315871
245 0 _aEstimating market power and strategies
260 _aNew York
_bCambridge Univ. Press
_c2007
300 _ax, 338p
_ccm.
500 _aBibliography: P 289-302
650 _aEconomics
942 _hXM8:6.2.P, P7
_cGB
_2CC
999 _c622161
_d622161